<?xml version="1.0" encoding="utf-8"?>
<?xml-stylesheet type='text/xsl' href='./oai2.xsl'?>
<OAI-PMH xmlns="http://www.openarchives.org/OAI/2.0/" xmlns:xsi="http://www.w3.org/2001/XMLSchema-instance" xsi:schemaLocation="http://www.openarchives.org/OAI/2.0/ http://www.openarchives.org/OAI/2.0/OAI-PMH.xsd">
  <responseDate>2026-06-07T02:58:09Z</responseDate>
  <request verb="GetRecord" metadataPrefix="marcxml" identifier="record_kuniweb_948299">https://kulturerbe.niedersachsen.de/oai</request>
  <GetRecord>
    <record>
      <header>
        <identifier>record_kuniweb_948299</identifier>
        <datestamp>2018-03-26T07:18:59Z</datestamp>
        <setSpec>slg0198</setSpec>
      </header>
      <metadata>
        <marc:record xmlns:marc="http://www.loc.gov/MARC21/slim" xsi:schemaLocation="http://www.loc.gov/MARC21/slim http://www.loc.gov/standards/marcxml/schema/MARC21slim.xsd">
          <marc:leader>12345nkm  22     uu 4500</marc:leader>
          <marc:controlfield tag="001">948299</marc:controlfield>
          <marc:controlfield tag="003">http://kuniweb.gbv.de</marc:controlfield>
          <marc:controlfield tag="005">2017-08-29T10:35:05</marc:controlfield>
          <marc:controlfield tag="008">|           ||||||||||||||||||||||</marc:controlfield>
          <marc:datafield tag="245" ind1="1" ind2="0">
            <marc:subfield code="a">Albrecht</marc:subfield>
          </marc:datafield>
          <marc:datafield tag="655" ind1=" " ind2="7">
            <marc:subfield code="a">Plakate</marc:subfield>
          </marc:datafield>
          <marc:datafield tag="046" ind1=" " ind2=" ">
            <marc:subfield code="k">2016</marc:subfield>
            <marc:subfield code="k">2016</marc:subfield>
          </marc:datafield>
          <marc:datafield tag="260" ind1=" " ind2=" ">
            <marc:subfield code="g">2016</marc:subfield>
            <marc:subfield code="g">2016</marc:subfield>
          </marc:datafield>
          <marc:datafield tag="300" ind1=" " ind2=" ">
            <marc:subfield code="a">Höhe: 41,74 cm
Breite: 29,4 cm</marc:subfield>
          </marc:datafield>
          <marc:datafield tag="520" ind1=" " ind2=" ">
            <marc:subfield code="a">Mit dem Tagesseminar bietet die Bürgerinitiative die Möglichkeit, noch einmal vertiefend und fundiert herauszuarbeiten, warum der Neustart der Endlagersuche mit Gorleben nicht gelingen kann und welche Konsequenzen daraus zu ziehen sind. Es wird über die Benennung des Standortes Gorleben im Jahre 1977 und die Fehler, die mit dieser Auswahl gemacht wurden, informiert. 
Die Bürgerinitiative diskutiert mit verschiedenen ReferentInnen und Podiumsteilnehmern u. a. die Bundestagsabgeordneten Hiltrud Lotze (SPD), Eckhard Pols (CDU) und Hubertus Zdebel (Linke) sowie dem niedersächsischen Umweltminister Stefan Wenzel (Grüne). Mit dabei auch Landrat Jürgen Schulz und Referenten. 

Schlagworte: 
Gorleben, Atomkraft, Endlager, Endlagersuche, Veranstaltung, Nukleares Entsorgungszentrum NEZ. 
 (Gorleben Archiv / Birgit Huneke)

Foto von Ministerpräsident Ernst Albrecht am 22.2.1977, als er mit einem Fingerzeig Gorleben zum Standort eines Nukleares Entsorgungszentrum NEZ erklärt.
Text:
Alles falsch gemacht!
Vorträge und Diskussionen
Tagesveranstaltung
Endlagersuche am Beispiel Gorleben: Ein Blick zurück. Ein Blick nach vorn. Und heute zwischendrin. 
Sa. 23.01.2016
10.00h-18.00h
Kraftwerk Lüchow
Programm und Infos unter www.bi-luechow-dannenberg.de (Bürgerinitiative Umweltschutz Lüchow-Dannenberg e.V.)

Verwendungszweck:
Protest gegen die Atomanlagen in Gorleben</marc:subfield>
          </marc:datafield>
          <marc:datafield tag="650" ind1="1" ind2=" ">
            <marc:subfield code="a">Widerstand</marc:subfield>
          </marc:datafield>
          <marc:datafield tag="650" ind1="1" ind2=" ">
            <marc:subfield code="a">Protest</marc:subfield>
          </marc:datafield>
          <marc:datafield tag="650" ind1="1" ind2=" ">
            <marc:subfield code="a">Kernenergie</marc:subfield>
          </marc:datafield>
          <marc:datafield tag="650" ind1="1" ind2=" ">
            <marc:subfield code="a">Plakate</marc:subfield>
          </marc:datafield>
          <marc:datafield tag="773" ind1="0" ind2=" ">
            <marc:subfield code="t">Plakate - Sammlung. Protestkultur gegen die Atomanlagen in Gorleben</marc:subfield>
          </marc:datafield>
          <marc:datafield tag="852" ind1=" " ind2=" ">
            <marc:subfield code="a">Gorleben Archiv e.V.</marc:subfield>
          </marc:datafield>
          <marc:datafield tag="" ind1=" " ind2=" ">
            <marc:subfield code="a">Rechte vorbehalten – Freier Zugang</marc:subfield>
          </marc:datafield>
        </marc:record>
      </metadata>
    </record>
  </GetRecord>
</OAI-PMH>
